उदय शंकर भट्ट रचनावली / (Record no. 122362)
[ view plain ]
| 000 -LEADER | |
|---|---|
| fixed length control field | 01434nam a2200289 4500 |
| 003 - CONTROL NUMBER IDENTIFIER | |
| control field | dpl |
| 005 - DATE AND TIME OF LATEST TRANSACTION | |
| control field | 20190225144305.0 |
| 008 - FIXED-LENGTH DATA ELEMENTS--GENERAL INFORMATION | |
| fixed length control field | 180626b xxu||||| |||| 00| 0 eng d |
| 010 ## - LIBRARY OF CONGRESS CONTROL NUMBER | |
| LC control number | A-926762 |
| 020 ## - INTERNATIONAL STANDARD BOOK NUMBER | |
| Terms of availability | 500.00 |
| International Standard Book Number | 8170433398 |
| 035 ## - SYSTEM CONTROL NUMBER | |
| System control number | A-926762, A-926766, A-926771, A-926766 |
| 037 ## - SOURCE OF ACQUISITION | |
| Source of stock number/acquisition | Cen Lib / Ret |
| 040 ## - CATALOGING SOURCE | |
| Original cataloging agency | DPL |
| Language of cataloging | HN |
| Transcribing agency | 0 |
| 082 ## - DEWEY DECIMAL CLASSIFICATION NUMBER | |
| Classification number | 820.8 |
| Item number | भट्टउ |
| 245 ## - TITLE STATEMENT | |
| Title | उदय शंकर भट्ट रचनावली / |
| Statement of responsibility, etc | सम्पादक प्रभा शंकर मेहता |
| 246 ## - VARYING FORM OF TITLE | |
| Title proper/short title | Uday Shankar Bhatt Rachnavali / |
| Remainder of title | edited by Prabha Shankar Mehta |
| 260 ## - PUBLICATION, DISTRIBUTION, ETC. (IMPRINT) | |
| Place of publication, distribution, etc | दिल्ली |
| Name of publisher, distributor, etc | आत्मा राम एंड संस |
| Date of publication, distribution, etc | 1998 |
| 270 ## - ADDRESS | |
| Address | कश्मीरी गेट |
| City | दिल्ली |
| Postal code | 110001 |
| 300 ## - PHYSICAL DESCRIPTION | |
| Extent | v 1. 542 ; v 4. various paging. |
| Other physical details | 24cm. |
| 500 ## - GENERAL NOTE | |
| General note | v 1. काव्य, भाव नाट्य एवं गीति नाट्य (चुनी हुई कृतियाँ) ; v 4 .उपन्यास (शेष अशेष, लोक-परलोक, दो अध्याय) ; |
| 650 ## - SUBJECT ADDED ENTRY--TOPICAL TERM | |
| Topical term or geographic name as entry element | हिंदी साहित्य |
| 650 ## - SUBJECT ADDED ENTRY--TOPICAL TERM | |
| Topical term or geographic name as entry element | हिंदी सहित्य- उदय शंकर भट्ट |
| 650 ## - SUBJECT ADDED ENTRY--TOPICAL TERM | |
| Topical term or geographic name as entry element | Hindi Literature |
| 650 ## - SUBJECT ADDED ENTRY--TOPICAL TERM | |
| Topical term or geographic name as entry element | Hindi Literature- Uday Shankar Bhatt |
| 700 ## - ADDED ENTRY--PERSONAL NAME | |
| Personal name | मेहता, प्रभा शंकर |
| 942 ## - ADDED ENTRY ELEMENTS (KOHA) | |
| Source of classification or shelving scheme | Dewey Decimal Classification |
| Koha item type | Hindi Books |
| Classification part | 820.8 |
| Call number suffix | भट्टउ |
| Withdrawn status | Lost status | Materials specified (bound volume or other part) | Damaged status | Not for loan | Home library | Current library | Date acquired | Source of acquisition | Cost, normal purchase price | Total Checkouts | Full call number | Barcode | Date last seen | Date checked out | Cost, replacement price | Price effective from | Koha item type | Source of classification or shelving scheme | Collection code |
|---|---|---|---|---|---|---|---|---|---|---|---|---|---|---|---|---|---|---|---|
| v.4 | Central Library | Central Library | 21/03/2016 | Cen Lib/Ret | 500.00 | 1 | 820.8 भट्टउ | A-926777 | 03/11/2020 | 22/10/2020 | 500.00 | 27/07/2016 | Hindi Books | ||||||
| v.1 | Central Library | Central Library | 21/03/2016 | Cen Lib/Ret | 500.00 | 820.8 भट्टउ | A-926762 | 21/03/2016 | 500.00 | 21/03/2016 | Hindi Books | ||||||||
| v.1 | Shahdara Branch | Shahdara Branch | 26/06/2018 | BPPD/PUB | 500.00 | 1 | 820.8 भट्टउ | A-926766 | 09/07/2018 | 26/06/2018 | 500.00 | 26/06/2018 | Hindi Books | Dewey Decimal Classification | Non-fiction | ||||
| Shahdara Branch | Shahdara Branch | 20/02/2019 | BPPD/PUB | 500.00 | 820.8 भट्टउ | A-926771 | 20/02/2019 | 500.00 | 20/02/2019 | Hindi Books | Dewey Decimal Classification | Non-fiction |
